|
|
|
|
| LEADER |
00000nam a2200000 i 4500 |
| 001 |
1/75804 |
| 008 |
960730s1980 gre d |
| 035 |
|
|
|a 1987
|c Αγορά
|l 10032227
|
| 040 |
|
|
|a GR-MY-UA
|b gre
|e aacr
|
| 041 |
0 |
|
|a gre
|
| 082 |
0 |
|
|a 808.0681
|
| 100 |
1 |
|
|a Χορτιάτη, Θέτη
|d 1929-
|
| 245 |
1 |
3 |
|a Τα μήλα τα φύλλα :
|b ποιήματα για παιδιά /
|c Θέτη Χορτιάτη ; εικονογράφηση Τζώρτζης Παρμενίδης
|
| 250 |
|
|
|a 2η εκδ.
|
| 260 |
|
|
|a Αθήνα :
|b Κέδρος,
|c 1980
|
| 300 |
|
|
|a 46 σ.
|
| 500 |
|
|
|a Βραβείο του κύκλου του Ελληνικού παιδικού βιβλίου
|
| 650 |
0 |
0 |
|a Children's poetry, Greek (Modern)
|
| 650 |
0 |
0 |
|a Children's literature, Greek (Modern)
|
| 852 |
|
|
|a INST
|b RHODES
|e 19960730
|h 808.0681 ΧΟΡ
|p 005400000579
|q 005400000579
|t BK
|y 0
|
| 909 |
|
|
|a Ρ
|b 006685
|c 1987
|